| 000 | 00719nam a2200241 a 4500 | ||
|---|---|---|---|
| 001 | BRL_1104 | ||
| 005 | 20190320211033.0 | ||
| 008 | 191015s1971----mx-#######---#000-0#spa-# | ||
| 041 | _aspa | ||
| 044 | _amx | ||
| 050 | 4 |
_aF1219 _b.M67 1971 |
|
| 100 | 1 |
_aMoreno, Manuel M. _925799 |
|
| 245 | 1 | 0 |
_aLa organización política y social de los aztecas _cManuel M. Moreno. |
| 260 |
_aMéxico _bInstituto Nacional de Antropología e Historia _c1971 |
||
| 300 |
_a151 p. _c23 cm. |
||
| 440 | 0 |
_aSerie Historia _v6 _925800 |
|
| 500 | _aAu1297 | ||
| 504 | _aBibliografía: p. 147-149 | ||
| 650 | 1 | 4 |
_aAztecas _xCondiciones sociales _925801 |
| 651 | 4 |
_aMéxico _xHistoria _yhasta 1517 _925802 |
|
| 902 | _aGRL | ||
| 942 |
_2lcc _cB |
||
| 999 |
_c9916 _d9916 |
||